Text book of Optics (Record no. 24052)
[ view plain ]
| 000 -LEADER | |
|---|---|
| fixed length control field | 00292nam a2200145Ia 4500 |
| 100 ## - MAIN ENTRY--PERSONAL NAME | |
| Personal name | Subrahmanyam/N/ Lal/Brij |
| 250 ## - EDITION STATEMENT | |
| Edition statement | 25 |
| 245 ## - TITLE STATEMENT | |
| Title | Text book of Optics |
| 260 ## - PUBLICATION, DISTRIBUTION, ETC. | |
| Name of publisher, distributor, etc. | S.Chand & C0 |
| Date of publication, distribution, etc. | 2012 |
| 366 ## - TRADE AVAILABILITY INFORMATION | |
| Publishers's discount category | 20 |
| 300 ## - PHYSICAL DESCRIPTION | |
| Extent | 729 |
| 546 ## - LANGUAGE NOTE | |
| Language note | ENGLISH |
| -- | TTL |
| 942 ## - ADDED ENTRY ELEMENTS (KOHA) | |
| Koha item type | BOOK |
| Withdrawn status | Lost status | Damaged status | Not for loan | Collection | Home library | Current library | Date acquired | Source of acquisition | Cost, normal purchase price | Inventory number | Total Checkouts | Full call number | Barcode | Date last seen | Cost, replacement price | Price effective from | Koha item type | Date last checked out |
|---|---|---|---|---|---|---|---|---|---|---|---|---|---|---|---|---|---|---|
| CRC | Fr. Agnel's C.Rodrigues College of Engineering | Fr. Agnel's C.Rodrigues College of Engineering | 17/03/2023 | Allied Publishers | 340.00 | 2011 dt 07/11/2012 | 22357 | 17/03/2023 | 425.00 | BOOK | ||||||||
| CRC | Fr. Agnel's C.Rodrigues College of Engineering | Fr. Agnel's C.Rodrigues College of Engineering | 17/03/2023 | Allied Publishers | 340.00 | 2011 dt 07/11/2012 | 22358 | 17/03/2023 | 425.00 | BOOK | ||||||||
| CRC | Fr. Agnel's C.Rodrigues College of Engineering | Fr. Agnel's C.Rodrigues College of Engineering | 17/03/2023 | Allied Publishers | 340.00 | 2011 dt 07/11/2012 | 1 | 22359 | 22/10/2024 | 425.00 | BOOK | 21/10/2024 |